000 00291nam a22001337a 4500
008 170918b xxu||||| |||| 00| 0 eng d
020 _a9780936598109
041 _aeng
080 _a7
100 _a44
101 _aART
245 _aTHE PRINTS OF RICHARD HAAS
_cHAAS, R
942 _2udc
_cBK
999 _c28053
_d28053